| 000 | 00952cam a2200253 a 4500 | ||
|---|---|---|---|
| 001 | 000012609 | ||
| 005 | 20200929163039.0 | ||
| 008 | 841023s1968 ec ab b f000 0 spa | ||
| 035 | _a(DLC) 83100456 | ||
| 040 |
_aDO-SdBNP _bspa _cBNPHU _dDLC |
||
| 082 |
_a986.6 _bP438e, 1968 |
||
| 100 | 1 |
_aPérez Concha, Jorge, _d1908-1995. _929314 |
|
| 245 | 1 | 0 |
_aEnsayo histórico-crítico de las relaciones diplomáticas del Ecuador con los estados limítrofes / _cJorge Pérez Concha. |
| 250 | _a3a ed. | ||
| 260 |
_aGuayaquil : _bCasa de la Cultura Ecuatoriana, Núcleo del Guayas, _c1968. |
||
| 300 |
_av. : _bil., mapas ; _c22 cm. |
||
| 590 | _aLa biblioteca posee el primer volumen. | ||
| 504 | _aIncluye bibliografía: (p. 791-799). | ||
| 651 | 4 |
_aEcuador _xRelaciones Exteriores _929315 |
|
| 651 | 4 |
_aPerú _xRelaciones Exteriores _929316 |
|
| 651 | 4 |
_aColombia _xRelaciones Exteriores _929317 |
|
| 910 | _aCatalogación por copia / LC | ||
| 049 | _aBNGR | ||
| 999 |
_c12264 _d12264 |
||